000 00531nam a2200181Ia 4500
008 240729s9999 xx 000 0 und d
022 _a2772-7173
245 0 _aJournal of Advanced Lung Health
260 _aIndia
260 _bWolters Kluwer Medknow Publications
650 _a Diseases of the respiratory system
650 _a Internal medicine
650 _a Specialties of internal medicine
650 _aMedicine
856 _uhttps://doaj.org/toc/ba75b7c98d3b4152919df85954eba79d
942 _2ddc
942 _cDOAJEJ
999 _c68325
_d68325
945 _a1
_bMadushi Gamage
_c1
_dMadushi Gamage